Responses for show #8126 - Monday, December 30, 2019

Karen Farrell game 3.

Contestants

Ilene Lederman, a band director from Boynton Beach, Florida

Scott Firestone, a web developer from Denver, Colorado

Karen Farrell, a political consultant from Woodbridge, Virginia (whose 2-day cash winnings total $35,601)

Jeopardy! Round responses

FASHION BRANDS
TV MOVIES
BEHIND THE LITERATURE
FAMOUS WOMEN
"C_MENT"
(Alex: Each correct response will begin with the letter "C" and end with "M-E-N-T".)
POND
    $200 30
Polo

Karen
    $200 13
Sharknado

Karen
    $200 29
American

Karen
    $200 7
Sacagawea

Scott
    $200 8
commandment

Karen
    $200 15
Central Park

Scott
    $400 21
Louis Vuitton

Scott
    $400 11
Zac Efron

Ilene
    $400 25
(Alex: You got it all in. Good.)

The Strange Case of Doctor Jekyll and Mr. Hyde

Karen
    $400 6
Mother Teresa

Ilene
    $400 28
(Scott: What is peace? Oh.)

contentment

KarenScott
    $400 27
Reykjavik

Scott
    $600 18
Chanel

Karen
    $600 10
(Martin) Sheen

Scott
    $1,000 1
Crazy Rich Asians

Karen
    $600 4
the Nobel Peace Prize

Triple Stumper
    $600 23
condiment

Karen
    $600 26
Honolulu

Scott
    $800 19
Timberlands

Karen
    $800 12
The Saint

Triple Stumper
    $800 2
Edgar Allan Poe

Karen
    $800 5
a camera

Ilene
    $800 22
consignment

Ilene
    $800 17
Cambridge

Karen
    $1000 20
Coach

Ilene
    $1000 14
(Angelina) Jolie

Scott
    $1000 3
Virginia Woolf

Karen
    $1000 9
(Scott: Who is Mary?)

Lady Jane Grey

KarenScott
    $1000 24
a casement

Karen
    $1000 16
Hampstead Heath

Triple Stumper

Scores at the first commercial break (after clue 15):

Karen Scott Ilene
$4,200 $1,000 $1,600

Scores at the end of the Jeopardy! Round:

Karen Scott Ilene
$9,200 $2,000 $3,400

Double Jeopardy! Round responses

THE QUOTABLE RALPH WALDO EMERSON
EDIBLE POP CULTURE
SPACE SCIENCE
THEATER TERMINOLOGY
17th CENTURY HISTORY
WORD ORIGINS
    $400 12
E.T.

Karen
    $400 24
a rehearsal

Karen
    $400 27
[The end-of-round signal sounds.]

the King James Bible

Triple Stumper
    $400 25
salary

Karen
    $800 8
Ratatouille

Karen
    $800 11
a comet

Ilene
    $800 23
dinner theater

Ilene
    $800 16
Spain

Scott
    $800 26
(Ilene: What's a gnat?)

mosquito

ScottIlene
    $1200 17
the eyes

Karen
    $1200 7
Julia Child

Ilene
    $1,000 22
(Alex: Less than a minute now.)

Jupiter

Karen
    $1200 4
an understudy

Karen
    $1200 1
a florin (a guilder)

Karen
    $1200 13
echelon

Karen
    $1600 18
a star

Karen
    $1600 9
Bob's Burgers

Ilene
    $1600 21
(Scott: What's a nebula?)

a spiral

KarenScott
    $1600 5
an apron

Karen
    $3,000 2
(Karen: Who is Powhatoa?)
(Alex: Yes.)
[Applause]
(Alex: No. No. Sorry. You changed one letter at the end. It's [*], not Powhatoa.)

Powhatan

Karen
    $1600 14
wunderkind

Karen
    $2000 19
the hobgoblin

Triple Stumper
    $2000 10
Yul Brynner

Scott
    $2000 20
retrorockets

Triple Stumper
    $2000 6
(Karen: What's a "proseckium"?)
(Scott: What is "proscemium"?)
...
(Alex: Scott, you turned an "N" into an "M".)

proscenium

KarenScott
Triple Stumper
    $2000 3
(Samuel) Pepys

Karen
    $2000 15
poliomyelitis

Triple Stumper

Scores at the end of the Double Jeopardy! Round:

Karen Scott Ilene
$20,400 $2,000 $7,000
(lock game)

[wagering suggestions for these scores]

Final Jeopardy! Round responses

1950s PEOPLE
(Alex: You gave him an extra "M" but we don't penalize you for misspelled words.)
ScottWho is Kerouac?
$500
IleneWho is John Wayne?
$2,999
KarenWho is Hemmingway
$1,600
Ernest Hemingway

Final scores:

Karen Scott Ilene
$22,000 $1,500 $4,001
3-day champion: $57,601 3rd place: $1,000 2nd place: $2,000

Game dynamics:

Coryat scores:

Karen Scott Ilene
$23,200 $2,000 $7,000
29 R
(including 2 DDs),
2 W
(including 1 DD)
10 R,
4 W
9 R,
1 W

Combined Coryat: $32,200

The J! Archive is created by fans, for fans. The Jeopardy! game show and all elements thereof, including but not limited to copyright and trademark thereto, are the property of Jeopardy Productions, Inc. and are protected under law. This website is not affiliated with, sponsored by, or operated by Jeopardy Productions, Inc. Join the discussion at JBoard.tv.